|
|
|
|
| LEADER |
00000nab a2200000 ar4500 |
| 001 |
vtls010090001 |
| 003 |
SK-MaSNL |
| 005 |
20260303202707.0 |
| 008 |
100429c2010 xo |||p|||||||000 b|slo |
| 015 |
|
|
|a SNBRB2010/04
|2 snkbucl
|
| 038 |
|
|
|a SNKBUCL
|
| 040 |
|
|
|a SNKBUCL
|b slo
|c SNKBUCL
|e AACR2
|
| 041 |
0 |
|
|a slo
|
| 044 |
|
|
|a xo
|c SK
|
| 080 |
|
|
|a 636.1:631.115.7
|x (437.6)
|2 1997
|
| 080 |
|
|
|a 631.115.7
|x (437.6)
|2 1997
|
| 080 |
|
|
|a 631.14:636.1
|x (437.6)
|2 1997
|
| 100 |
1 |
|
|a Krajčírová, Martina
|4 ivr
|4 aut
|9 275618
|
| 245 |
1 |
0 |
|a Rozhovor s riaditeľom Národného žrebčína Topoľčianky Ing. Michalom Horným
|b aký bude rok v NŽ Topoľčianky?
|c [zhovárala sa] Martina Krajčírová
|
| 300 |
|
|
|b Fotogr.
|
| 610 |
2 |
7 |
|a Národný žrebčín (Topoľčianky, Slovensko)
|2 snkbucl
|9 180030
|
| 648 |
|
7 |
|a 2010
|2 snkbucl
|9 324355
|
| 655 |
|
7 |
|a rozhovory
|2 snkbucl
|9 31831
|
| 700 |
1 |
|
|a Horný, Michal
|4 ive
|4 aut
|9 312745
|
| 773 |
0 |
|
|t Životný štýl a kôň
|g Roč. IV, č. 4 (2010), s. 12-14
|x 1337-1037
|
| 852 |
|
|
|a SNK
|b KIS3GCP
|
| 958 |
|
|
|a SK
|
| 999 |
|
|
|c 2181213
|d 2183143
|